| 000 | 00657nam a22002177a 4500 | ||
|---|---|---|---|
| 005 | 20150615110902.0 | ||
| 008 | 140714b xxu||||| |||| 00| 0 Urdu d | ||
| 010 | _aUR-9063 | ||
| 020 | _c250.00 | ||
| 035 | _aU-7618 | ||
| 037 | _bDBAD | ||
| 040 |
_aDPL _bUrdu |
||
| 082 | _a841 | ||
| 100 | _aشو ق ما ہر ی | ||
| 245 |
_aصبح بتکد ہ _c شو ق ما ہر ی |
||
| 246 | h |
_aSubha-e-But Kadah _bBy Shouque Maheri |
|
| 260 |
_bAzad Akhtar Ibn-e-Shouque Maheri _c2013 _aM.P. |
||
| 270 |
_aZainab Manzil,Moghat Road, _bKhandwa _k+91-9826675372 _e450001 |
||
| 300 |
_a214ص _c22Cm (Hb) |
||
| 942 |
_2ddc _cUR _e _h841 _mش و ق |
||
| 999 |
_c94260 _d94260 |
||